Stellar activities and observational techniques (Record no. 9127)
[ view plain ]
| 000 -LEADER | |
|---|---|
| fixed length control field | 00857nam a2200193Ia 4500 |
| 003 - CONTROL NUMBER IDENTIFIER | |
| control field | IN-BaIIA |
| 008 - FIXED-LENGTH DATA ELEMENTS--GENERAL INFORMATION | |
| fixed length control field | 211028s9999 xx 000 0 eng d |
| 040 ## - CATALOGING SOURCE | |
| Transcribing agency | IIA Library |
| 080 ## - UNIVERSAL DECIMAL CLASSIFICATION NUMBER | |
| Universal Decimal Classification number | 524.3-13(063) |
| Item number | STE |
| 111 ## - MAIN ENTRY--MEETING NAME | |
| Meeting name or jurisdiction name as entry element | Japan-China Workshop on Stellar Activities and Observational Technique |
| Number of part/section/meeting | 2nd |
| Location of meeting | Kyoto, Japan |
| Date of meeting or treaty signing | 1986 Mar. 17-20 |
| 9 (RLIN) | 15323 |
| 245 #0 - TITLE STATEMENT | |
| Title | Stellar activities and observational techniques |
| Remainder of title | proceedings of the second Japan-China workshop on stellar activities and observational technique, held in Kyoto, Japan, March 17-20, 1986 |
| Statement of responsibility, etc. | edited by K. Sadakane and A. Yamasaki |
| 260 ## - PUBLICATION, DISTRIBUTION, ETC. | |
| Place of publication, distribution, etc. | Kyoto |
| Name of publisher, distributor, etc. | University of Kyoto |
| Date of publication, distribution, etc. | 1986 |
| 300 ## - PHYSICAL DESCRIPTION | |
| Extent | viii, 238p. |
| 650 ## - SUBJECT ADDED ENTRY--TOPICAL TERM | |
| Topical term or geographic name entry element | Astronomy-Observations |
| 9 (RLIN) | 10189 |
| 650 ## - SUBJECT ADDED ENTRY--TOPICAL TERM | |
| Topical term or geographic name entry element | Stars |
| 700 ## - ADDED ENTRY--PERSONAL NAME | |
| Personal name | Sadakane, K., ed. |
| 9 (RLIN) | 15324 |
| 700 ## - ADDED ENTRY--PERSONAL NAME | |
| Personal name | Yamasaki, A., ed. |
| 9 (RLIN) | 15325 |
| 942 ## - ADDED ENTRY ELEMENTS (KOHA) | |
| Koha item type | Books |
| Withdrawn status | Lost status | Damaged status | Not for loan | Home library | Current library | Shelving location | Date acquired | Total Checkouts | Full call number | Barcode | Date last seen | Price effective from | Koha item type |
|---|---|---|---|---|---|---|---|---|---|---|---|---|---|
| IIA Library-Bangalore | IIA Library-Bangalore | General Stacks | 524.3-13(063)/ STE | 10030 | 05/11/2021 | Books |